| 000 | 00362nam a2200157Ia 4500 | ||
|---|---|---|---|
| 008 | 210210b1975 xxu||||| |||| 00| 0 eng d | ||
| 020 | _a0 904644 10 3 | ||
| 082 | _a598 CERB | ||
| 100 | _aCERNY (Walterr) | ||
| 245 | _aBirds. | ||
| 260 |
_aLondon _bCathay Books _c1975 |
||
| 300 | _a343 | ||
| 650 | _aBirds, Field, Guide | ||
| 690 | _aZoolo | ||
| 906 | _a0349 | ||
| 999 |
_c85832 _d85832 |
||